RESSustainable Practices For Natural Resource Managemaet and Agroforestry/ (Record no. 211914)

MARC details
000 -LEADER
fixed length control field 00603nam a22001817a 4500
005 - DATE AND TIME OF LATEST TRANSACTION
control field 20250624115025.0
010 ## - LCCN (DPL NO)
LC control number ENG-145427
020 ## - INTERNATIONAL STANDARD BOOK NUMBER
International Standard Book Number 9789361638800
Terms of availability 320.00
035 ## - SYSTEM CONTROL NUMBER
System control number EN-128959
037 ## - SOURCE OF ACQUISITION
Source of stock number/acquisition DBAD/PUB
082 ## - DEWEY DECIMAL CLASSIFICATION NUMBER
Classification number 363.7
Edition number 1
100 ## - MAIN ENTRY--PERSONAL NAME
Personal name Rangasami,shri
245 ## - TITLE STATEMENT
Title RESSustainable Practices For Natural Resource Managemaet and Agroforestry/
Statement of responsibility, etc Shri Rangasami...
260 ## - PUBLICATION, DISTRIBUTION, ETC. (IMPRINT)
Place of publication, distribution, etc Tamil nadu
Name of publisher, distributor, etc Shanlax Publications
Date of publication, distribution, etc 2024
270 ## - ADDRESS
Address 61,66 T.P.K. Main Road,Vasantha Nagar,Madurai
City tamil nadu
Postal code 625003
300 ## - PHYSICAL DESCRIPTION
Extent 229p.
Dimensions 22cm(pbk)
942 ## - ADDED ENTRY ELEMENTS (KOHA)
Source of classification or shelving scheme Dewey Decimal Classification
Item type English Books
Classification part 363.7
Call number suffix RAN
Holdings
Withdrawn status Lost status Not for loan Collection code Home library Current library Date acquired Source of acquisition Cost, normal purchase price Full call number Barcode Cost, replacement price Koha item type
    Not For Loan Non-fiction D.B.Act.Division D.B.Act.Division 24/06/2025 DBAD 320.00 363.7 RAN EN-128959 320.00 English Books

© Delhi Public Library
Hit Counter
free hit counter